| 000 | 01121nam a22003497a 4500 | ||
|---|---|---|---|
| 003 | CHAP | ||
| 005 | 20220329143305.0 | ||
| 008 | 080220d2006 es ad r 00110 spa d | ||
| 010 | _a94475 | ||
| 011 | _a95447 | ||
| 020 | _a8497320832 | ||
| 035 | _a106073 | ||
| 040 | _cCHAP | ||
| 082 | 0 | 4 |
_a311.214 _bB4 2006 |
| 100 | 1 |
_aBerlinches Cerezo, Andrés. _911831 |
|
| 245 | 1 | 0 |
_aCalidad _c/por Andrés Berlinches Cerezo |
| 250 | _a6 ed. | ||
| 260 |
_aMadrid : _bThomson, _c2006[c.2002] |
||
| 300 |
_aix, 133 p. : _bilus. ; gráfs. ; cuadros ; diagramas |
||
| 590 |
_aBATCH-UPD _b10 _c20130110 _lUCH01 _h0356 |
||
| 590 |
_aBATCH-UPD _b10 _c20130410 _lUCH01 _h0030 |
||
| 590 |
_aBATCH-UPD _b10 _c20130914 _lUCH01 _h0608 |
||
| 590 |
_aCONVERSION _b10 _c20130109 _lUCH01 _h1352 |
||
| 650 | 1 | 4 |
_aCalidad _xControl de la. _917484 |
| 650 | 1 | 4 |
_aCalidad _xControl de la _xNormas. _917486 |
| 650 | 1 | 4 |
_aCalidad _xCostos. _917487 |
| 650 | 1 | 4 |
_aCalidad _xNormas. _917489 |
| 650 | 1 | 4 |
_aCalifornia _xHistoria. _917490 |
| 901 | _aBK | ||
| 942 | _cLIBRO | ||
| 949 |
_a311.214 B4 2006 _bBC _cLIBRO _d33724002050231 _eLIBRO _gI.c/e _h109095 _i106073 _si |
||
| 999 |
_c94475 _d94475 |
||